| 000 | 00434nam a22001457a 4500 | ||
|---|---|---|---|
| 082 | _aT-216 | ||
| 100 |
_aNoor Ul Amin _934733 |
||
| 245 | _aBarriers to Immunization - Future Disaster for Pakistan A Cross Sectional Study at District Dir Lower, KPK | ||
| 260 |
_aRisalpur, _bMCE, _c2017. |
||
| 300 |
_a54p, _bill. |
||
| 526 |
_a0 _b0 _c0 _dT_216 |
||
| 650 |
_aMS DM-2 _951241 |
||
| 700 |
_aDr Naeem Shahzad PhD _951242 |
||
| 942 |
_2ddc _cBK |
||
| 999 |
_c553975 _d553975 |
||